000
00303nam a2200109Ia 4500
008
171211s9999 xx 000 0 und d
245
4
_a
The Penguin Concise Dictionary of Art History
245
_c
Nancy Frazier
260
_c
2001
650
_x
ART
856
_u
http://down.ebook777.com/064/0140514201.pdf
999
_c
348530
_d
348530